00441cam a2200169ua 45000010005000000080039000050400009000440410008000530820013000611000031000742450052001052500009001572600036001663000016002026530018002186530035002363963150224n ii |||gr||||Z||||||asm cMAIN aasm a891.4511 aBhattacharjya, Nalinidhar, aNani aasane gharatcby Nalinidhar Bhattacharjya a1st. aGuwahati:bChetana prakash,996. a79p:c23cm. aAssamese poem aAdhunik asamiya kavita manjari